Linking Sustainable Livelihoods to Natural Resources and Governance : The Scale of Poverty in the Muslim World /
Ante un evidente avance de la pobreza en países islámicos de Africa, Medio Oriente, Asia, islas del Pacífico y América del Sur, y desde las perspectivas práctica y teórica, se revisan las políticas públicas y los programas sociales que se han echado a andar para reducirla. En particular, se analiza...
-д хадгалсан:
| Үндсэн зохиолч: | |
|---|---|
| Бусад зохиолчид: | |
| Формат: | Ном |
| Хэл сонгох: | англи |
| Хэвлэсэн: |
Singapur :
Springer,
2014, c2014
|
| Нөхцлүүд: | |
| Онлайн хандалт: | Ver documento en línea |
| Шошгууд: |
Шошго байхгүй, Энэхүү баримтыг шошголох эхний хүн болох!
|
MARC
| LEADER | 00000nam^a2200000^a^4500 | ||
|---|---|---|---|
| 001 | 000420603 | ||
| 005 | 20251023000000.0 | ||
| 009 | 20260310122514.361 | ||
| 020 | |a 978-981-287-053-7 | ||
| 037 | |a Acervo ITESO - Biblioteca | ||
| 041 | |a ING | ||
| 082 | |a 362. 57 |b ABD | ||
| 100 | |a Abdulai, Abdul-Mumin |e (autor) | ||
| 245 | 1 | 0 | |a Linking Sustainable Livelihoods to Natural Resources and Governance : |b The Scale of Poverty in the Muslim World / |c A.M. Abdulai, E. Shamshiry ; pról. de Chamhuri Siwar. |
| 264 | 4 | |a Singapur : |b Springer, |c 2014, c2014 | |
| 264 | 2 | |a Cham, Suiza : |b Springer Link [distribución], |c 2014 | |
| 300 | |a 1 libro electrónico en línea (XXIV, 198 p.) | ||
| 300 | |a 1 recurso en línea | ||
| 336 | |a datos para computadora |b cod |2 rdacontenido | ||
| 337 | |a computadora |b c |2 rdamedio | ||
| 338 | |a recurso en línea |b cr |2 rdasoporte | ||
| 506 | 0 | |a Licencias ilimitadas | |
| 520 | |a Ante un evidente avance de la pobreza en países islámicos de Africa, Medio Oriente, Asia, islas del Pacífico y América del Sur, y desde las perspectivas práctica y teórica, se revisan las políticas públicas y los programas sociales que se han echado a andar para reducirla. En particular, se analiza el caso del azaque y el mejor uso de los recursos naturales, para mejorar la calidad de vida y promover el desarrollo económico de la población. | ||
| 649 | |a XX | ||
| 650 | |a Limosna (Islamismo) - |x Tema Principal | ||
| 650 | |a Pobreza - |x Prevención y Atención - |x Tema Principal | ||
| 650 | |a Igualdad y Desigualdad | ||
| 650 | |a Estructura Demográfica | ||
| 650 | |a Programas Gubernamentales - |x Tema Principal | ||
| 650 | |a Programas Sociales | ||
| 650 | |a Calidad de Vida | ||
| 650 | |a Recursos Naturales - |x Tema Principal | ||
| 650 | |a Desarrollo Sustentable | ||
| 650 | |a Desarrollo Económico-Social | ||
| 650 | |a Política Social | ||
| 650 | |a Políticas Públicas | ||
| 650 | |a Islamismo y Estado | ||
| 650 | |a Sociología Política | ||
| 700 | |a Shamshiry, Elmira |e (autor) | ||
| 856 | 4 | 0 | |u https://link-springer-com.ezproxy.iteso.mx/10.1007/978-981-287-053-7 |y Ver documento en línea |
| 910 | |a Fondo General | ||
| 920 | |a Electrónicos - Libros en Línea | ||
| 930 | |a Plataforma Digital | ||
| 905 | |a 205 | ||
| 901 | |a 420603-1 |b IT2 |c EBO |i C172346 |u 20250521 | ||
| 902 | |a https://opac.biblio.iteso.mx/vufind/Record/000420603 | ||